Представление документа в формате RUSMARC

ПолеНазваниеЗначение
  Тип записи a
  Библиографический уровень m
001 Контрольный номер RU/CBS_UL/BASE/635943354
005 Дата корректировки 20240209174902.7
010 Индекс ISBN __
a ISBN
b Уточнения в пер.
d Цена 5 р. 60 к.
9 Тираж экз.
100 Данные общей обработки __
a Данные общей обработки 20161205d2016 ||| 0rusy0189 ca
101 Язык документа 0_
a Язык текста rus
102 Страна публикации __
a Страна публикации RU
105 Кодированные данные (монография) __
a Кодированные данные (монография) y###||||000|y
200 Заглавие и сведения об ответственности 1_
a Заглавие Брусилов
b Общее обозначение материала Текст
f Первые сведения об ответственности С. Н. Семанов
g Последующие сведения об ответственности предисл. К. Москаленко
210 Выходные данные 1_
a Место издания Москва
c Издательство Молодая гвардия
d Дата издания 1980
215 Физическое описание __
a Объем 318 с.
c Иллюстрации/тип воспроизводства ил.
d Формат см.
225 Серия 0_
a Серия Жизнь замечательных людей : Серия биографий ; Вып. 8(604)
300 Общие примечания __
a Общие примечания Ограничения по возрасту - 16+
300 Общие примечания __
a Общие примечания Под инв. номером 65844: 6-1
600 Персоналии _0
a Персоналии (Фамилия) Брусилов
b Персоналии (Имя, инициалы) А. А.
606 Тематические рубрики 0_
a Основная рубрика Брусилов, Алексей Алексеевич (1853-1926)
610 Ключевые слова 0_
a Ключевые слова военачальники известные
a Ключевые слова полководцы русские
a Ключевые слова Брусиловский прорыв
a Ключевые слова операциии военные
a Ключевые слова Первая мировая война
686 Индексы других классификаций __
a Классификационный индекс 63.3(2)5
2 Код системы ББК
700 Автор _0
a Фамилия Семанов
b Имя (инициалы) Сергей Николаевич
g Полное личное имя С. Н.
801 Источник записи _0
a Страна RU
b Организация МБУК ЦБС
c Дата составления 20161205
g Правила каталогизации RCR
801 Источник записи _1
a Страна RU
b Организация МБУК ЦБС г. Ульяновска
c Дата составления 20161205
g Правила каталогизации RCR
899 Данные о местонахождении __
i Авторский знак С 30
j Расстановочный фильтр 63.3(2)5
901 Тип документа __
t Тип документа m
910 Корректоры записи __
a Корректор записи Хисамова